La Edad Media hasta el final de los Staufen: (Record no. 70732)

MARC details
000 -LEADER
campo de control de longitud fija 01021nam a2200265 i 4500
001 - NÚMERO DE CONTROL
campo de control 70732
003 - IDENTIFICADOR DE NÚMERO DE CONTROL
campo de control ES-MaACL
005 - FECHA Y HORA DE LA ÚLTIMA TRANSACCIÓN
campo de control 20250815001139.0
007 - CAMPO FIJO DE DESCRIPCIÓN FÍSICA--INFORMACIÓN GENERAL
campo de control de longitud fija t|
008 - DATOS DE LONGITUD FIJA--INFORMACIÓN GENERAL
campo de control de longitud fija 191108s1946 sp ||||1| spa d
245 03 - MENCIÓN DEL TÍTULO
Título La Edad Media hasta el final de los Staufen:
Resto del título (400-1250) /
Mención de responsabilidad, etc. por Walter Goetz, Paul Kirn, August Heisenberg, Hans Heinrich Schader, Willibal Kirfel, Karl Hampe ; versión española de Manuel García Morente.
260 ## - PUBLICACIÓN, DISTRIBUCIÓN, ETC.
Lugar de publicación, distribución, etc. Madrid :
Nombre del editor, distribuidor, etc. Espasa-Calpe,
Fecha de publicación, distribución, etc. 1946.
300 ## - DESCRIPCIÓN FÍSICA
Extensión XVI, 822 p. ,[29] h.(algunas plegadas) :
Otras características físicas il. col. y n. ;
Dimensiones 27 cm.
650 #7 - PUNTO DE ACCESO ADICIONAL DE MATERIA--TÉRMINO DE MATERIA
Término de materia o nombre geográfico como elemento de entrada Historia medieval
Fuente del encabezamiento o término embne
9 (RLIN) 13411
700 1# - ENTRADA AGREGADA--NOMBRE PERSONAL
Nombre de persona Goetz, Walter,
Fechas asociadas al nombre 1867-1958
9 (RLIN) 57579
700 1# - ENTRADA AGREGADA--NOMBRE PERSONAL
Nombre de persona Kirn, Paul.
9 (RLIN) 168672
700 1# - ENTRADA AGREGADA--NOMBRE PERSONAL
Nombre de persona Heisenberg, August.
9 (RLIN) 168673
700 1# - ENTRADA AGREGADA--NOMBRE PERSONAL
Nombre de persona Schaeder, Hans Heinrich,
Fechas asociadas al nombre 1896-1957
9 (RLIN) 168674
700 1# - ENTRADA AGREGADA--NOMBRE PERSONAL
Nombre de persona Kirfel, Willibald.
9 (RLIN) 168675
700 1# - ENTRADA AGREGADA--NOMBRE PERSONAL
Nombre de persona Hampe, Karl.
9 (RLIN) 168676
700 1# - ENTRADA AGREGADA--NOMBRE PERSONAL
Nombre de persona García Morente, Manuel,
Fechas asociadas al nombre 1886-1942
9 (RLIN) 55002
852 ## - LOCALIZACIÓN
Ubicación ES-MaACL
Número de control de estantería P-1045-3
942 ## - ELEMENTOS DE ENTRADA SECUNDARIOS (KOHA)
Fuente del sistema de clasificación o colocación Clasificación decimal universal
Holdings
Estatus retirado Estado de pérdida Estado de daño No para préstamo Biblioteca de origen Biblioteca actual Ubicación en estantería Fecha de adquisición Fuente de adquisición Total de préstamos Signatura topográfica completa Código de barras Visto por última vez Precio de reemplazo Tipo de ítem Koha
        Biblioteca del Ateneo de Madrid Biblioteca del Ateneo de Madrid Depósito 2 08/11/2019     P-1045-3 1201239 23/02/2023 23/02/2023 Libro impreso